By the Numbers #15 - Statistics

General Stats
  • This quiz has been taken 94 times
  • The average score is 13 of 20
Answer Stats
Hint Answer % Correct
52 25
98%
5 x 7 = x 35
95%
170 x 0.5 = x 85
90%
Number of moons Earth has 1
88%
Emergency telephone number for Argentina, Canada, Dominican Republic, Jordan, Mexico, Pakistan, Palau, Panama, the Philippines, Sint Maarten, the United States, and Uruguay 911
86%
LXV 65
83%
Age referenced in the title of a Taylor Swift song (inspired by her first year of high school) released in 2009 15
81%
Number of Luftballons (red balloons in the English version) in the title of Nena’s 1983 single 99
78%
First version of Microsoft Windows named after the year in which it was released 95
76%
Numbers of days a week in the title of of the song released by The Beatles in 1965 in the US 8
71%
Upper age limit for Canadian senators 75
64%
Maximum number of geese a-laying gifted in any single verse of “The Twelve Days of Christmas” 6
62%
What a vinyl single used to be called, based on the number of revolutions per minute during playback 45
59%
ZIP code prefix for the Pasadena vicinity (but not Pasadena itself) 910
57%
Between 1974 and 1986, the highest speed limit allowed anywhere in the US, pursuant to the National Maximum Speed Limit provision of the Emergency Highway Energy Conservation Act 55
53%
Telephone number area code for Savannah, Statesboro, Vidalia, Waycross, Brunswick, Douglas, and southeastern Georgia 912
50%
Atomic number of the element boron 5
40%
Face value of a “G” tile in Scrabble 2
28%
Number on the solid red pool ball 3
26%
Number of questions traditionally asked via song by the youngest capable child attending Passover Seder 4
24%
No matching quizzes found
Score Distribution
Percent of People with Each Score
Percentile by Number Answered
Your Score History
You have not taken this quiz